000 00371pab a2200133 454500
008 180718b2001 xxu||||| |||| 00| 0 eng d
100 _aSanderson, Ian
245 _aPerformance management, evaluation and learning in `modern' local government
260 _c2001
300 _ap.297-313
650 _aLocal government
773 _aPublic Administration
909 _a49312
999 _c49312
_d49312